Industrial relations : (Record no. 93795)

MARC details
000 -LEADER
fixed length control field 00589nam a22002057a 4500
005 - DATE AND TIME OF LATEST TRANSACTION
control field 20150731121431.0
010 ## - LCCN (DPL NO)
LC control number ENG-113133
020 ## - INTERNATIONAL STANDARD BOOK NUMBER
International Standard Book Number 9788170494157
Terms of availability 695.00
035 ## - SYSTEM CONTROL NUMBER
System control number EN-96665
037 ## - SOURCE OF ACQUISITION
Source of stock number/acquisition DBAD/PUB
082 ## - DEWEY DECIMAL CLASSIFICATION NUMBER
Classification number 331
100 ## - MAIN ENTRY--PERSONAL NAME
Personal name Ghosh, Ajit Kumar
245 ## - TITLE STATEMENT
Title Industrial relations :
Statement of responsibility, etc by Ajit Kumar Ghosh
Remainder of title text and cases /
250 ## - EDITION STATEMENT
Edition statement .
260 ## - PUBLICATION, DISTRIBUTION, ETC. (IMPRINT)
Place of publication, distribution, etc New Delhi
Name of publisher, distributor, etc Manas Publications
Date of publication, distribution, etc 2011
270 ## - ADDRESS
Address 4402/5-A, Ansari Road, Darya Ganj,
City New Delhi
Postal code 110002
300 ## - PHYSICAL DESCRIPTION
Extent 432p.
Dimensions 24cm(Hb)
500 ## - GENERAL NOTE
General note Includes index
942 ## - ADDED ENTRY ELEMENTS (KOHA)
Source of classification or shelving scheme Dewey Decimal Classification
Item type English Books
Call number suffix GHO
Classification part 331
Holdings
Withdrawn status Lost status Not for loan Collection code Home library Current library Date acquired Source of acquisition Cost, normal purchase price Full call number Barcode Copy number Cost, replacement price Koha item type
    Not For Loan Non-fiction D.B.Act.Division D.B.Act.Division 20/05/2015 DBAD/PUB 695.00 331 GHO EN-96665 1 695.00 English Books

© Delhi Public Library
Hit Counter
free hit counter